| 000 | 00466nam a2200157 i 4500 | ||
|---|---|---|---|
| 001 | 42856 | ||
| 003 | ES-MaACL | ||
| 005 | 20230906160706.0 | ||
| 007 | t| | ||
| 008 | 030314q1925 sp ||||1| spa d | ||
| 100 | 1 |
_aCernuda Canelo, Lorenzo. _937537 |
|
| 245 | 1 | 3 |
_aLa musa lírica _b: (amor, odio, desesperanza) : poesias / _cLorenzo Cernuda Canelo. |
| 260 |
_aMadrid : _b[s.n., _c1925?] ( _fTip. Yagües) |
||
| 300 |
_a162 p. ; _c19 cm. |
||
| 852 |
_aES-MaACL _jF-679 |
||
| 999 |
_c42856 _d42856 |
||